01612 a2200205 450000100040000000500170000400800410002100300150006204000400007708000480011724500460016502000180021125000120022926400340024130000190027550509490029410000200124370000220126385601210128511320260407155411.0260407a2000 arg spa dAR-UNSa-BCEJYS aAR-UNSa-BCEJYSbspacAR-UNSa-BCEJYS a347.7xDerecho Mercantil. Derecho Comercial10aCurso de derecho comercialpParte general a950-14-1792-1 a4a. ed. 1aBuenos Aires :bDepalmac2000 a471 p.c23 cm. a1. Origen y evolución del derecho mercantil 2. La ley aplicable en materia comercial. Usos y costumbres 3. Actos de comercio 4. La jurisdicción mercantil 5. La empresa mercantil 6. Órganos auxiliares y de control del comercio y de las sociedades 7. El comerciante individual 8. Nociones generales 9. Elementos generales y específicos del contrato de sociedad 10. Personalidad de las sociedades 11. Formas de constitución. Ley aplicable. Interpretación del contrato 12. Distinción de las sociedades civiles y comerciales. Distinción de otros contratos e instituciones. Socio aparente. Socio oculto 13. Régimen de las sociedades constituidas en el extranjero 14. Clasificación de las sociedades 15. Transformación de la sociedad 16. Fusión y escisión de sociedades 17. Sociedades irregulares y de hecho 18. Nulidad 19. Derechos y obligaciones de los socios 20. Administración de la sociedad 21. Gobierno de la sociedad1 aHalperin, Isaac1 aButty, Enrique M.41uhttps://biblioeco.unsa.edu.ar/pmb/images/libros/Curso de Derecho Comercial-l87302.jpgyImagen de portadaqimage/jpeg